00952nam a22002057a 4500010001100000035001100011037001800022040001200040082001300052245002900065260005100094270004500145300003300190505022600223650002400449650005600473942002200529999001900551952017600570 a177669 a177669 bCen Lib / Ret aDPLbEN a575bTAX aEvolution after darwin / aChicagobThe University of Chicago Pressc1960 aThe University of Chicago PressbChicago a3 v. ; v 2. ; 473 b24cm(Hb) a3 v ; v. 1. The evolution of life: its origin, history and future (not available) ; v. 2. The evolution of man: man, culture and society ; v. 3. Issues in evolution, edited by Sol Tax and Charles Callender (not available) aEvolution (Biology) aDarwin, Charles, -- 1809-1882 -- Origin of species. 2ddccENk575mTAX c136519d136519 04103v 24070aLbLd2016-03-04eCen Lib/Retl0o575 TAXp177669r2016-03-04 00:00:00w2016-03-04yENz Written off on approval by DLB (By Circulation); dtd 15-06-2023